| 000 -LEADER |
| fixed length control field |
01772nem a2200481 i 4500 |
| 001 - CONTROL NUMBER |
| control field |
020905989 |
| 003 - CONTROL NUMBER IDENTIFIER |
| control field |
UkOxU |
| 005 - DATE AND TIME OF LATEST TRANSACTION |
| control field |
20190815104357.0 |
| 007 - PHYSICAL DESCRIPTION FIXED FIELD--GENERAL INFORMATION |
| fixed length control field |
ad canzn |
| 008 - FIXED-LENGTH DATA ELEMENTS--GENERAL INFORMATION |
| fixed length control field |
170302s2017 enk e 1 eng |
| 015 ## - NATIONAL BIBLIOGRAPHY NUMBER |
| National bibliography number |
GBB774602 |
| Source |
bnb |
| 020 ## - INTERNATIONAL STANDARD BOOK NUMBER |
| International Standard Book Number |
9780241296912 |
| Qualifying information |
hardback |
| 020 ## - INTERNATIONAL STANDARD BOOK NUMBER |
| International Standard Book Number |
0241296919 (hardback) |
| 034 3# - CODED CARTOGRAPHIC MATHEMATICAL DATA |
| Category of scale |
a |
| Coordinates--westernmost longitude |
W1800000 |
| Coordinates--easternmost longitude |
E1800000 |
| Coordinates--northernmost latitude |
N0900000 |
| Coordinates--southernmost latitude |
S0900000 |
| Source |
bound |
| 035 ## - SYSTEM CONTROL NUMBER |
| System control number |
(Uk)018329628 |
| 040 ## - CATALOGING SOURCE |
| Original cataloging agency |
StDuBDS |
| Language of cataloging |
eng |
| Description conventions |
rda |
| Transcribing agency |
StDuBDS |
| Modifying agency |
Uk |
| 042 ## - AUTHENTICATION CODE |
| Authentication code |
ukblcatcopy |
| 082 04 - DEWEY DECIMAL CLASSIFICATION NUMBER |
| Classification number |
912.022 ADA |
| Edition number |
23 |
| 100 1# - MAIN ENTRY--PERSONAL NAME |
| Personal name |
Adams, Simon, |
| Dates associated with a name |
1955- |
| Relator term |
author. |
| 245 10 - TITLE STATEMENT |
| Title |
Children's illustrated world atlas / |
| Statement of responsibility, etc. |
consultant, Dr Kathleen Baker ; written by Simon Adams, Mary Atkinson, Sarah Phillips, John Woodward. |
| 246 14 - VARYING FORM OF TITLE |
| Title proper/short title |
Children's illustrated world atlas |
| 250 ## - EDITION STATEMENT |
| Edition statement |
First edition. |
| 255 ## - CARTOGRAPHIC MATHEMATICAL DATA |
| Statement of scale |
Scales differ |
| Statement of coordinates |
(W 180°—E 180°/N 90°—S 90°). |
| 264 #1 - PRODUCTION, PUBLICATION, DISTRIBUTION, MANUFACTURE, AND COPYRIGHT NOTICE |
| Place of production, publication, distribution, manufacture |
London : |
| Name of producer, publisher, distributor, manufacturer |
Dorling Kindersley Limited, |
| Date of production, publication, distribution, manufacture, or copyright notice |
2017. |
| 300 ## - PHYSICAL DESCRIPTION |
| Extent |
viii, 136 pages : |
| Other physical details |
colour illustrations, colour maps, colour photographs ; |
| Dimensions |
29 cm |
| 336 ## - CONTENT TYPE |
| Content type term |
cartographic image |
| Source |
rdacontent |
| 336 ## - CONTENT TYPE |
| Content type term |
text |
| Source |
rdacontent |
| 336 ## - CONTENT TYPE |
| Content type term |
still image |
| Source |
rdacontent |
| 337 ## - MEDIA TYPE |
| Media type term |
unmediated |
| Source |
rdamedia |
| 338 ## - CARRIER TYPE |
| Carrier type term |
volume |
| Source |
rdacarrier |
| 500 ## - GENERAL NOTE |
| General note |
Includes index. |
| 500 ## - GENERAL NOTE |
| General note |
First published 2003. |
| 500 ## - GENERAL NOTE |
| General note |
Includes illustrated thematic pages, world facts and statistics. |
| 650 #0 - SUBJECT ADDED ENTRY--TOPICAL TERM |
| Topical term or geographic name entry element |
Geography |
| Form subdivision |
Miscellanea |
| -- |
Juvenile literature. |
| 650 #0 - SUBJECT ADDED ENTRY--TOPICAL TERM |
| Topical term or geographic name entry element |
Atlases |
| Form subdivision |
Juvenile literature. |
| 655 #7 - INDEX TERM--GENRE/FORM |
| Genre/form data or focus term |
Children's atlases. |
| Source of term |
lcgft |
| 700 1# - ADDED ENTRY--PERSONAL NAME |
| Personal name |
Baker, Kathleen M., |
| Dates associated with a name |
1950- |
| Relator term |
consultant. |
| 700 1# - ADDED ENTRY--PERSONAL NAME |
| Personal name |
Atkinson, Mary, |
| Dates associated with a name |
1966- |
| Relator term |
author. |
| 700 1# - ADDED ENTRY--PERSONAL NAME |
| Personal name |
Phillips, Sarah, |
| Relator term |
author. |
| 700 1# - ADDED ENTRY--PERSONAL NAME |
| Personal name |
Woodward, John, |
| Dates associated with a name |
1954- |
| Relator term |
author. |
| 942 ## - ADDED ENTRY ELEMENTS (KOHA) |
| Source of classification or shelving scheme |
|
| Koha item type |
Reference |